Možnosti krátkodobého financování vývozu

Exportné predfinancovanie na základe dokumentárneho akreditívu. Krátkodobý úver na základe poistky EGAP (Exportná garančná a poisťovacia spoločnosť). Krátkodobý vývozný odberateľský úver. Poskytovanie pomoci exportérom.

Guardado en:
Detalles Bibliográficos
Autor principal: Švábenská, J.
Formato: Capítulo de libro
Lenguaje:checo
Materias:
Etiquetas: Agregar Etiqueta
Sin Etiquetas, Sea el primero en etiquetar este registro!

MARC

LEADER 00000naa a2200000 4500
001 r022566
005 20230522112305.2
041 0 |a cze 
044 |a CZ 
245 1 0 |a Možnosti krátkodobého financování vývozu  |c J. Švábenská 
520 |a Exportné predfinancovanie na základe dokumentárneho akreditívu. Krátkodobý úver na základe poistky EGAP (Exportná garančná a poisťovacia spoločnosť). Krátkodobý vývozný odberateľský úver. Poskytovanie pomoci exportérom. 
610 2 0 |a vývoz 
610 2 0 |a úver krátkodobý 
610 2 0 |a financovanie 
610 2 0 |a akreditívy 
610 2 0 |a poistka 
610 2 0 |a riziko 
610 2 0 |a poistenie úverové 
610 2 0 |a EGAP Praha 
610 2 0 |a ČSOB, a.s. Praha 
100 1 |a Švábenská, J.